Relatos de misterio / (Registro nro. 9989)

Detalles MARC
000 -CABECERA
Longitud fija campo de control 01010nam a2200241 a 4500
003 - • IDENTIFICADOR DELl NÚMERO DE CONTROL
Identificador del número de control CO-ViMGA
005 - • FECHA Y HORA DE LA ÚLTIMA TRANSACCIÓN
Fecha y hora de la última transacción 20230915223423.0
008 - • CÓDIGOS DE INFORMACIÓN DE LONGITUD FIJA
Códigos de información de longitud fija 141112s2004 ck r 000 u spa d
020 ## - • NÚMERO INTERNACIONAL NORMALIZADO PARA LIBROS
Número Internacional Normalizado para Libros (ISBN) 8489691401
040 ## - FUENTE DE LA CATALOGACIÓN
Centro catalogador de origen CO-ViMGA
Lengua de catalogación spa
Centro transcriptor CO-ViMGA
041 ## - • CÓDIGO DE LENGUA
Código de lengua del texto/banda sonora o título independiente spa
082 04 - • NÚMERO DE LA CLASIFICACIÓN DECIMAL DEWEY
Número de clasificación (R) 863.6 R35c
245 10 - • TITULO PROPIAMENTE DICHO
Título Relatos de misterio /
Mención de responsabilidad, etc. Antologadora Natalia Roa Vial ... [et al.].
300 ## - • DESCRIPCIÓN FÍSICA
Extensión 242 p. ; 19 cm.
505 ## - • NOTA DE CONTENIDO CON FORMATO
Nota de contenido con formato Cita en el dia de crisantemos / Ueda Akinari ; Historia del Comendador de toralva / Jan Potocki ; El asedio de la casa roja / John Sheridan Le Fanu ; El sueño / Iván Turgueniev ; El horla / Guy de Maupassant ; El grabado / Montegue Rhodes James ; La campanilla de la doncella / Edith Wharton ; La novela de los polvos blancos / Arthur Machen ; La muñeca / Algernon Blackwood.
650 14 - • PUNTO DE ACCESO ADICIONAL DE MATERIA - TÉRMINO DE MATERIA
Término de materia o nombre geográfico como elemento inicial Cuentos de terror.
700 1# - • PUNTO DE ACCESO ADICIONAL - NOMBRE DE PERSONA
Nombre de persona Vial Roa, Natalia, ant.
942 ## - ENTRADA DE ELEMENTOS AGREGADOS (KOHA)
Fuente de clasificaión o esquema Dewey Decimal Classification
Koha [por defecto] tipo de item LIbro
949 ## - TRATAMIENTO DE LA INFORMACIÓN LOCAL (OCLC)
a n n
Existencias
Perdido Fuente de clasificación o esquema Estado Físico No para préstamo Forma de adquisición Localización permanente Localización actual Fecha adquisición Serie de enumeración / cronolog&íacute;a Préstamos totales Signatura completa Código de barras Fecha última consulta Número de copia Fecha del precio de reemplazo Tipo de item de Koha
  Dewey Decimal Classification     Sala General Estacion de Lectura Apiay - Villavicencio Estacion de Lectura Apiay - Villavicencio 12/04/2015 09/feb/2015   863.6 R35c 28147 12/04/2015 Ej. 1 12/04/2015 LIbro









Instituto Departamental de Cultura del Meta - Red Departamental de Bibliotecas Públicas del Meta.